000 00642cam5a220020500 4500
001 tmp15830022
003 UPRA
005 20190816102639.0
008 951104s1908 gw eng u
035 _a(Sirsi) r47548
035 _a(UPRA)tmp15830022
040 _cUPRA
100 1 _aPhillpotts, Eden, 1862-1960.
_dPhillpotts, Eden, 1862-1960.
_6A5630.1
245 1 4 _aThe human boy again.
260 _aLeipzig :
_bTauchnitz,
_c1908.
490 1 _aCollection of British authors ;
_vv. 4040
830 0 _aCollection of British and American authors ;
_vv. 4040
_6S2291.1
949 _aPR5177
_wlcc
_i-59172
_mMAIN
_tBOOK
_lON-SHELF
004 47548
999 _c87050
_d87050